| 000 | 00963nam a2200313 a 4500 | ||
|---|---|---|---|
| 001 | 59706 | ||
| 003 | CO-BoRNBP | ||
| 005 | 20251029190645.0 | ||
| 007 | ta | ||
| 008 | 150318r2014 ck gr 0001p spa d | ||
| 020 | _a9789588519463 | ||
| 040 |
_aCO-BoBLA _bspa _cCO-BoBLA |
||
| 082 | 0 | 4 |
_aCo861.6 _bJ17t5 _219 |
| 100 | 1 |
_aJaramillo Agudelo, Darío, _d1947- _91234 |
|
| 240 | 1 | 0 | _aAntioquia-Bibliografía regional |
| 245 | 1 | 0 |
_aTreinta y dos poemas : _buna antología / _cDarío Jaramillo Agudelo. |
| 250 | _a1a. edición | ||
| 300 |
_a49 páginas ; _c21 cm. |
||
| 336 |
_2rdacontent _atexto _btxt |
||
| 337 |
_2rdamedia _asin mediación _bn |
||
| 338 |
_2rdacarrier _avolumen _bnc |
||
| 490 | 1 | _aColección CantaRana | |
| 650 | 7 |
_aPoesía colombiana. _2BLAAUTO _91069 |
|
| 650 | 7 |
_aPoesía amorosa. _2BLAAUTO _92510 |
|
| 650 | 7 |
_aSoledad _vPoesías. _2BLAAUTO _966401 |
|
| 650 | 7 |
_aNoche _vPoesías. _2BLAAUTO |
|
| 942 |
_2ddc _cBK |
||
| 949 |
_ac _bc |
||
| 999 |
_c59706 _d59706 |
||